Animals Celebrating Halloween Quiz Stats

 Plays Quiz Updated Oct 30, 2018

Score 0/20 Timer 04:00
2 Plays Today
Animal % Correct
Rabbit
99%
Pig
98.7%
Cat
98.2%
Horse
97.3%
Snake
95.5%
Orangutan
95.4%
Koala
95.2%
Penguin
95.2%
Rat
94.9%
Indian Runner Duck
94.3%
Animal % Correct
Raccoon
94.1%
Dog
94%
Tortoise
93.2%
Chicken
92%
Bearded Dragon
90%
Guinea Pig
86.5%
Goat
85.8%
Hedgehog
83.4%
Tamandua
81.3%
Ferret
78.5%

You're not logged in!

Compare scores with friends on all Sporcle quizzes.
OR
Log In

Sporcle TV

Today on Sporcle TV


Watch our educational content, quiz creation guides, and fun videos on Sporcle TV.

Show Comments

Extras

Top Quizzes Today


Score Distribution

Your Account Isn't Verified!

In order to create a playlist on Sporcle, you need to verify the email address you used during registration. Go to your Sporcle Settings to finish the process.

Report this User

Report this user for behavior that violates our Community Guidelines.

Details: